Т. 37, № 1; Микробиология

Bibliografiske detaljer
Parent link:Микробиология: научный журнал/ Академия наук СССР (АН СССР). Т. 37, № 1.— , 1967-1995.— 0026-3656
Sprog:russisk
Udgivet: 1968
Format: Bog
KOHA link:https://koha.lib.tpu.ru/cgi-bin/koha/opac-detail.pl?biblionumber=507214

MARC

LEADER 00000nam2a2200000 4500
001 507214
005 20231101103407.0
035 |a (RuTPU)RU\TPU\prd\178383 
035 |a RU\TPU\prd\178377 
090 |a 507214 
100 |a 20130522a19689999k y0rusy50 ca 
101 0 |a rus 
102 |a UA 
200 0 |a Т. 37, № 1 
210 |d 1968 
461 1 |0 (RuTPU)RU\TPU\prd\257  |x 0026-3656  |t Микробиология  |o научный журнал  |f Академия наук СССР (АН СССР)  |v Т. 37, № 1  |d 1967-1995 
801 0 |a RU  |b 63413507  |c 20010227  |g PSBO 
801 1 |a RU  |b 63413507  |c 20130522 
801 2 |a RU  |b 63413507  |c 20130522  |g RCR 
942 |c BK 
999 |a НТБ_ТПУ  |b НФ  |e -4/20130109  |p П-3476  |u 0,00  |v 1  |x 30215